000 00815nam a2200193Ia 4500
008 151121s9999||||xx |||||||||||||| ||und||
082 _aबा। वि।
082 _bHNW-74150
100 _aझा कृपाकांत मठपति
245 _aबिहार के अमर शहीदोंकी कहानियाँ
260 _b"इतिहास शोध संस्थान, दिल्ली।"
260 _c--
300 _a112
600 _aझा कृपाकांत मठपति
630 _aबिहार के अमर शहीदोंकी कहानियाँ
700 _aझा कृपाकांत मठपति
730 _aबिहार के अमर शहीदोंकी कहानियाँ
942 _cBOOK
999 _c1255604
_d1255601